Normal view
MARC view
- Dussen, W. J. van der.
Entry Personal Name
001 - CONTROL NUMBER
- control field: 6592
003 - CONTROL NUMBER IDENTIFIER
- control field: NUST
005 - DATE AND TIME OF LATEST TRANSACTION
- control field: 20171121131536.0
008 - FIXED-LENGTH DATA ELEMENTS
- fixed length control field: 171121|| aca||aabn | a|a d
040 ## - CATALOGING SOURCE
- Original cataloging agency: NUST
- Transcribing agency: NUST
100 ## - HEADING--PERSONAL NAME
- Personal name: Dussen, W. J. van der.
670 ## - SOURCE DATA FOUND
- Source citation: Work cat.: (NUST)0: Collingwood, R. G. 6590, The Idea of History /, 2006.
